Colorado Football: Top 10 All-Time Leaders - Statistics

General Stats
  • This quiz has been taken 6 times
  • The average score is 21 of 65
Answer Stats
Category # Player Amount % Correct
Passing Yards 5 Shedeur Sanders 7,364
100%
Receiving Yards 6 Charles E. Johnson 2,447
80%
Passing Yards 3 Cody Hawkins 7,731
80%
Passing Yards 6 Kordell Stewart 6,481
80%
Rushing Yards 3 Rodney Stewart 3,598
80%
Tackles 5 Ted Johnson 409
80%
Sacks 1 Alfred Williams 35.0
60%
Passing Yards 8 Koy Detmer 5,390
60%
Rushing Yards 5 Rashaan Salaam 3,057
60%
Tackles 7 Chad Brown 369
40%
Rushing Yards 8 Chris Brown 2,787
40%
Interceptions 7 Deon Figures 12
40%
Interceptions T3 Dick Anderson 14
40%
Sacks 3 Greg Jones 25.0
40%
Receiving Yards 10 Javon Green 2,031
40%
Passing Yards 4 Joel Klatt 7,708
40%
Tackles 8 Michael Jones 349
40%
Tackles 10 Michael Lewis 336
40%
Receiving Yards 4 Michael Westbrook 2,548
40%
Rushing Yards 2 Phillip Lindsay 3,770
40%
Passing Yards 2 Steven Montez 9,710
40%
Interceptions T5 Tedric Thompson 13
40%
Interceptions T5 Tim James 13
40%
Interceptions T10 Victor Scott 10
40%
Sacks 5 Abraham Wright 21.0
20%
Tackles 1 Barry Remington 493
20%
Interceptions T8 Ben Kelly 11
20%
Sacks T10 Bill Brundige 19.0
20%
Rushing Yards 4 Bobby Purify 3,096
20%
Interceptions T10 Boyd Dowler 10
20%
Rushing Yards 6 Charlie Davis 2,958
20%
Sacks T6 Chidera Uzo-Diribe 20.0
20%
Interceptions 2 Chris Hudson 15
20%
Interceptions T10 Cullen Bryant 10
20%
Sacks T10 Curt Koch 19.0
20%
Sacks T6 Dan McMillen 20.0
20%
Receiving Yards 9 Derek McCoy 2,038
20%
Rushing Yards 1 Eric Bieniemy 3,940
20%
Tackles 3 Greg Biekert 441
20%
Sacks T6 Herb Orvis 20.0
20%
Rushing Yards 10 Herchell Troutman 2,487
20%
Rushing Yards 7 Hugh Charles 2,795
20%
Rushing Yards 9 James Mayberry 2,544
20%
Sacks T6 Jimmie Gilbert 20.0
20%
Passing Yards 10 John Hessler 4,788
20%
Interceptions 1 John Stearns 16
20%
Tackles 4 Jordon Dizon 440
20%
Tackles 6 Laval Short 372
20%
Sacks 4 Laval Short 24.5
20%
Sacks T10 Leonard Renfro 19.0
20%
Tackles 2 Matt Russell 446
20%
Passing Yards 9 Mike Moschetti 4,797
20%
Receiving Yards 1 Nelson Spruce 3,347
20%
Receiving Yards 7 Paul Richardson 2,412
20%
Receiving Yards 8 Phil Savoy 2,176
20%
Receiving Yards 5 Rae Carruth 2,540
20%
Sacks 2 Ron Woolfork 33.0
20%
Interceptions T10 Roy Shepherd 10
20%
Receiving Yards 3 Scotty McKnight 2,588
20%
Passing Yards 1 Sefo Liufau 9,763
20%
Receiving Yards 2 Shay Fields 2,590
20%
Interceptions T8 Steve Rosga 11
20%
Interceptions T3 Terrence Wheatley 14
20%
Tackles 9 Thaddeus Washington 338
20%
Passing Yards 7 Tyler Hansen 5,705
20%
No matching quizzes found
Score Distribution
Percent of People with Each Score
Percentile by Number Answered
Your Score History
You have not taken this quiz